Word Ladder: Homer Simpson Quotes Quiz Stats

 Plays Quiz Updated Sep 15, 2019

Score 0/20 Timer 04:00
1 Play Today
4-Letter Word Clue % Correct
A woman is a lot like, um, a refrigerator. They're about six feet ____, 300 pounds, they make ice and…wait.TALL
94.9%
Carl: Hey, careful there, Homer. I heard somebody lost an arm in there once. Homer: That's just an old wives' ____.TALE
94.7%
A boy without mischief is like a bowling ___ without a liquid center.BALL
94.6%
Son, you don't want to drink beer. That's for daddies and kids with ___ i.D.s.FAKE
94.3%
Kids, you tried your best and you ____ed miserably. The lesson is, never try.FAIL
94.3%
Moe: Take her out on the town, candles, tablecloth--the whole nine yards. Homer: Nah, she's too smart to ____ for that.FALL
93.8%
Stupid risks make ____ worth living.LIFE
92.3%
Don't eat me. I have a ____ and kids. Eat them!WIFE
91.7%
Bart (green): I had a little accident in chemistry today. Homer: Well, I bet it's nothing a little turpentine won't ____ off.TAKE
91.4%
Your secret's safe with me. Marge, guess what? Skinner wants to ____ on his wedding. Skinner: Homer, you're still talking to me.BAIL
90.6%
4-Letter Word Clue % Correct
You're saying butt-kisser ____ it's a bad thing!LIKE
89%
(singing) Oh Mindy, you ____ and gave without flaking, but I sent you Bengay…CAME
79.3%
(singing) ____ Mr. Plow, that's my name. That name again is Mr. Plow.CALL
78.9%
They couldn't call it Catfish ____ if it didn't have any catfish in it.LAKE
78%
Hey! Just because I don't ____ doesn't mean I don't understand.CARE
77.3%
(singing) Everybody in the USA hates a stupid neighbor. He's Flanders and he's really, really ____.LAME
76.7%
You and science go together like Lenny and ____. The science is ____.CARL
76%
Remember when I took that home ____-making course and forgot how to drive? Marge: That's because you were drunk!WINE
73.3%
Hey, I smell cake, cake that says--(sniffs) '____well and'--' (sniffs, gasps) 'Best Wishes!'FARE
65.9%
Kill my boss? Do I ____ to live out the American dream?DARE
65.8%

Today's Daily Dose

Missing Word
1940s A-Z

Quick Pick
'S' Athletes

Get the Picture
Depp or Bonham Carter

You're not logged in!

Compare scores with friends on all Sporcle quizzes.
OR
Log In

Sporcle TV

Today on Sporcle TV


Watch our educational content, quiz creation guides, and fun videos on Sporcle TV.

Show Comments

Extras

Top Quizzes Today


Score Distribution

Your Account Isn't Verified!

In order to create a playlist on Sporcle, you need to verify the email address you used during registration. Go to your Sporcle Settings to finish the process.

Report this User

Report this user for behavior that violates our Community Guidelines.

Details: